000 01016cab a22002775a 4500
001 L159909
008 150113e2018 xxk 000 0 eng d
035 _a(Sirsi) u159909
041 0 _aeng
050 _218
100 1 _aZajac, Bill
245 0 0 _aNew measures for old sites
_h[electronic resource]
260 _aLondon
_bRICS
_c2018
490 _aRICS Building Surveying Journal
_vMarch - April 2018, 28-30(3)
520 _aDetails recent changes to Welsh historic environment legislation and work that is still planned.
650 2 4 _aHISTORIC ENVIRONMENT (WALES) ACT 2016
650 2 4 _aDESIGNATION
650 2 4 _aPROTECTION
650 2 4 _aBUILT ENVIRONMENT-BUILDING TYPES-ANCIENT MONUMENTS AND HISTORIC BUILDINGS-LISTED BUILDINGS
650 2 4 _aHISTORIC PARKS
651 4 _aUnited Kingdom
_y
690 _aConservation and restoration
856 4 0 _uhttps://issuu.com/ricsmodus/docs/building_surveying_journal_march_ap_aa689a2c570f4c
_z
_yAvailable free online via Issuu
856 4 0 _u
_z
942 _n0
999 _c85060
_d85060